Язык. Коммуникация. Образование (Запись № 1851533)

Подробности
000 -МАРКЕР
контрольное поле 02166nas1a22002651i 4500
001 - ИДЕНТИФИКАТОР ЗАПИСИ
контрольное поле RU\NLR\Per\773824
005 - ИДЕНТИФИКАТОР ВЕРСИИ
контрольное поле 20260407075717.0
035 ## - ДРУГИЕ СИСТЕМНЫЕ НОМЕРА
Идентификатор записи (NLR Aleph) 003019157
100 ## - ДАННЫЕ ОБЩЕЙ ОБРАБОТКИ
Данные общей обработки 20110603a20109999|||y0rusy50 ca
101 0# - ЯЗЫК РЕСУРСА
Язык текста, звукозаписи и т.д. русский
102 ## - СТРАНА ПУБЛИКАЦИИ ИЛИ ПРОИЗВОДСТВА
Страна публикации Российская Федерация
110 ## - ПОЛЕ КОДИРОВАННЫХ ДАННЫХ: ПРОДОЛЖАЮЩИЕСЯ РЕСУРСЫ
Кодированные данные продолжающегося ресурса zu|||||||||
200 1# - ЗАГЛАВИЕ И СВЕДЕНИЯ ОБ ОТВЕТСТВЕННОСТИ
Основное заглавие Язык. Коммуникация. Образование
Сведения, относящиеся к заглавию ученые записки
Первые сведения об ответственности Рост. гос. экон. ун-т (РИНХ), Фак. лингвистики и журналистики
207 #0 - ОБЛАСТЬ СПЕЦИФИЧЕСКИХ СВЕДЕНИЙ: НУМЕРАЦИЯ ПРОДОЛЖАЮЩИХСЯ РЕСУРСОВ
Нумерация: даты и обозначения томов Вып. 10 (2010) -
210 ## - ПУБЛИКАЦИЯ, РАСПРОСТРАНЕНИЕ И ДР.
Место издания, распространения и т.д. Ростов-на-Дону
Имя издателя, распространителя и т. д. РГЭУ (РИНХ), Редакционно-издательский центр
Дата издания, распространения и т.д. 2010 -
311 ## - ПРИМЕЧАНИЯ, ОТНОСЯЩИЕСЯ К ПОЛЯМ СВЯЗИ (ПРИМЕЧАНИЯ О СВЯЗИ С ДРУГИМИ ПРОИЗВЕДЕНИЯМИ (ИЗДАНИЯМИ))
Текст примечания Ранее выходил как: Лингвистические и психолого-педагогические проблемы теории и практики преподавания иностранных языков
430 #0 - ПРОДОЛЖЕН
Встроенное поле 2001#$aЛингвистические и психолого-педагогические проблемы теории и практики преподавания иностранных языков
Заглавие Лингвистические и психолого-педагогические проблемы теории и практики преподавания иностранных языков
712 02 - НАИМЕНОВАНИЕ ОРГАНИЗАЦИИ - ВТОРИЧНАЯ ОТВЕТСТВЕННОСТЬ
Код отношения Прочие
Начальный элемент ввода Ростовский государственный экономический университет
Структурное подразделение Факультет лингвистики и журналистики
Идентифицирующий признак Ростов-на-Дону
Системный номер авторитетной/нормативной записи 578985
Идентификатор авторитетной/нормативной записи RU\NLR\AUTH\8810039968
852 ## - МЕСТОНАХОЖДЕНИЕ И ШИФР ХРАНЕНИЯ
Идентификатор организации NLR
Шифр хранения (Call Number) П28/1995
942 ## - ДОПОЛНИТЕЛЬНЫЕ ЭЛЕМЕНТЫ ЗАПИСИ (АБИС)
Тип экземпляра АБИС Продолжающееся издание
980 ## - КОЛЛЕКЦИЯ
Название коллекции Русская периодика

Нет доступных экземпляров.